Easy General Knowledge 3 - Statistics

General Stats
  • This quiz has been taken 1,197 times
  • The average score is 7 of 15
Answer Stats
Hint Answer % Correct
iPhone is made by who? Apple
84%
What is the World's biggest fast food chain? McDonalds
77%
Dick is short for what name? Richard
75%
Who makes Playstation? Sony
71%
Who is Spongebob's stupid friend? Patrick
67%
What Country is Kia made in? South Korea
67%
June 6, 1944 D-Day
47%
Who wrote Huckleberry Finn? Mark Twain
41%
The White Sox play in what city? Chicago
38%
What college is the Fighting Irish? Notre Dame
27%
Who was the 4th President of the United States? James Madison
24%
What did Mendel study? Genetics
15%
How do you say monkey in Spanish? Mono
12%
Who sponsors the NBA? Adidas
9%
What is another name for a Marmot? Ground Hog
6%
No matching quizzes found
Score Distribution
Percent of People with Each Score
Percentile by Number Answered
Your Score History
You have not taken this quiz